LEADER 00766nam0 2200229 450 001 9910221349103321 005 20171026102732.0 100 $a20171026d1959----km y0itay50 ba 101 0 $aeng 102 $aUS 105 $ay 001yy 200 1 $aIndex to ASTM Standards$eas of december, 1958$especifications, methods of testing, recommended practices, definitions of terms, charts and tables 210 $aPhiladelphia$cAmerican Society for Testing Materials$d1959 215 $aX, 209 p.$d23 cm 710 02$aAmerican Society for Testing and Materials$020347 801 0$aIT$bUNINA$gREICAT$2UNIMARC 901 $aBK 912 $a9910221349103321 952 $aMM 202$b2376$fDINED 959 $aDINED 996 $aIndex to ASTM Standards$91494334 997 $aUNINA LEADER 02885oam 2200493 450 001 9910426055703321 005 20210417165634.0 010 $a1-4614-8678-5 024 7 $a10.1007/978-1-4614-8678-7 035 $a(CKB)4100000011558632 035 $a(DE-He213)978-1-4614-8678-7 035 $a(MiAaPQ)EBC6385017 035 $a(PPN)25250299X 035 $a(EXLCZ)994100000011558632 100 $a20210417d2020 uy 0 101 0 $aeng 135 $aurnn|008mamaa 181 $ctxt$2rdacontent 182 $cc$2rdamedia 183 $acr$2rdacarrier 200 00$aEncyclopedia of medical immunology $eimmunodeficiency diseases /$fedited by Ian R. MacKay, 3 others 205 $a1st ed. 2020. 210 1$aNew York, New York :$cSpringer,$d[2020] 210 4$d©2020 215 $a1 online resource (73 illus., 60 illus. in color. eReference.) 311 $a1-4614-8679-3 311 $a1-4614-8677-7 327 $aFrom the Content: Complement Deficiencies -- Dysregulation -- Defects in Innate Immunity -- Combined Immunodeficiencies -- Combined Immunodeficiencies with Associated or Syndromic Features -- Predominantly Antibody deficiency -- Autoinflammatory Disorders -- Defects of Phagocyte Number, Function, or Both -- Evaluation and Management of Immunodeficiency. 330 $aVolume Immunodeficiency Diseases in Springer?s gold-standard reference work on medical immunology focuses on infectious diseases. In tandem with its three counterpart volumes it offers the most wide-ranging and authoritative repository of knowledge on infectious diseases, with readily accessed contributions by the world?s leading authorities on the subject. The encyclopedia covers the material from all angles, with more than 1000 pages of essays on the genetics, physiology, metabolism, pathogenesis and applied microbiology of all known infectious diseases, and includes access to an e-reference work that will include ongoing updates reflecting the latest advances in the field. An outstanding new resource of immense value to a wide range of medical researchers and practitioners, the encyclopedia features a user-friendly subdivision of diseases according to their affective locus in the human body. The sections cover integumentary, skeletal, respiratory, digestive, urinary, and reproductive transmissible pathogens. This high-profile encyclopedia will be an essential addition to academic libraries worldwide. 606 $aImmunologic diseases 606 $aImmunology 606 $aImmunodeficiency 615 0$aImmunologic diseases. 615 0$aImmunology. 615 0$aImmunodeficiency. 676 $a354.81150006 702 $aMackay$b Ian R. 801 0$bMiAaPQ 801 1$bMiAaPQ 801 2$bUtOrBLW 906 $aBOOK 912 $a9910426055703321 996 $aEncyclopedia of Medical Immunology$91520325 997 $aUNINA LEADER 02298nas 2200697- 450 001 9910446758203321 005 20220307213022.0 011 $a2047-8720 035 $a(DE-599)ZDB2654232-8 035 $a(OCoLC)773147288 035 $a(CKB)110978977740373 035 $a(CONSER)--2020207512 035 $a(EXLCZ)99110978977740373 100 $a20120117a19799999 --- - 101 0 $aeng 135 $aur||||||||||| 181 $ctxt$2rdacontent 182 $cc$2rdamedia 183 $acr$2rdacarrier 200 00$aTeaching public administration $eTPA 210 1$a[London] :$cPublished by P.A.C. Joint University Council for Social and Public Administration 210 31$aThousand Oaks, CA :$cSAGE 300 $aRefereed/Peer-reviewed 311 $a0144-7394 517 1 $aTPA 606 $aPublic administration$xStudy and teaching$vPeriodicals 606 $aPublic administration$xResearch$vPeriodicals 606 $aPublic administration$xResearch$2fast$3(OCoLC)fst01082027 606 $aPublic administration$xStudy and teaching$2fast$3(OCoLC)fst01082038 608 $aPeriodicals.$2fast 608 $aPeriodicals.$2lcgft 610 00$aonderwijzen 610 00$ateaching 610 00$aleren 610 00$alearning 610 00$aoverheidssector 610 00$apublic sector 610 00$abedrijfsvoering 610 00$amanagement 610 00$aorganisaties 610 00$aorganizations 610 00$aonderwijs 610 00$aeducation 610 00$aopleiding 610 00$atraining 610 00$ainternationale betrekkingen 610 00$ainternational relations 610 10$aEducational Methods 610 10$aOnderwijsmethoden 615 0$aPublic administration$xStudy and teaching 615 0$aPublic administration$xResearch 615 7$aPublic administration$xResearch. 615 7$aPublic administration$xStudy and teaching. 676 $a351.071 712 02$aJoint University Council for Social and Public Administration.$bPublic Administration Committee, 712 02$aUniversity of Manchester.$bDepartment of Administrative Studies, 712 02$aPolitics Association (Great Britain), 906 $aJOURNAL 912 $a9910446758203321 996 $aTeaching public administration$91086094 997 $aUNINA